| 000 | 00488nam a22001817a 4500 | ||
|---|---|---|---|
| 999 |
_c252640 _d252639 |
||
| 003 | OSt | ||
| 005 | 20180825115329.0 | ||
| 008 | 160225b xxu||||| |||| 00| 0 eng d | ||
| 010 | _a2010016529 | ||
| 020 | _a0321693124 | ||
| 040 | _cN/A | ||
| 050 | _aQA135.6 .L66 2012 | ||
| 100 | _aCalvin T. Long | ||
| 245 | _aMathematical reasoning for elementary teachers | ||
| 260 |
_aBoston _bPearson Addison-Wesley _cc2012 |
||
| 300 |
_axxv,852,(65)p _bill,(some col.) _c29cm |
||
| 942 |
_2lcc _cBK |
||